Công sự chiến đấu và hầm hố phòng tránh

Spremljeno u:
Bibliografski detalji
Autor kompanije: Viện thiết kế công trình (Bộ tư lệnh công binh)
Format: Knjiga
Izdano: H. Quân đội nhân dân 1979
Teme:
Oznake: Dodaj oznaku
Bez oznaka, Budi prvi tko označuje ovaj zapis!
Thư viện lưu trữ: Trung tâm Học liệu Lê Vũ Hùng, Trường Đại học Đồng Tháp
LEADER 00772pam a22001938a 4500
001 00015648
005 20171026081022.0
008 110330s1979 ||||||Viesd
041 0 # |a Vie 
082 1 4 |a 355.4  |b C455S 
110 1 # |a Viện thiết kế công trình  |e Bộ tư lệnh công binh 
245 0 0 |a Công sự chiến đấu và hầm hố phòng tránh 
260 # # |a H.  |b Quân đội nhân dân  |c 1979 
300 # # |a 230 tr.  |b Ảnh trắng đen  |c 19 cm. 
653 # # |a Quân đội  |a Công sự chiến đấu  |a Hầm tránh bom  |a Hầm  |a Xây dựng 
852 # # |b Kho đọc  |j KD.0000965 
852 # # |j KD.0000965 
910 |d 30/03/2011 
980 # # |a Trung tâm Học liệu Lê Vũ Hùng, Trường Đại học Đồng Tháp